LEADER 00987nam0-22002771i-450- 001 990003440570403321 005 20001010 035 $a000344057 035 $aFED01000344057 035 $a(Aleph)000344057FED01 035 $a000344057 100 $a20000920d1988----km-y0itay50------ba 101 0 $aita 105 $ay-------001yy 200 1 $a<>scuole a fini speciali nell'ordinamento universitario e nel mondo del lavoro. Atti del Convegno di Studio - Bologna 9-10 aprile 1987$fMinistero della Pubblica Istruzione , CUN 210 $aRoma$cBulzoni$d1988 215 $a176 710 02$aItalia.$bMinistero della pubblica istruzione$0354240 801 0$aIT$bUNINA$gRICA$2UNIMARC 901 $aBK 912 $a990003440570403321 952 $aSE 098.06.21-$b2760$fDECSE 959 $aDECSE 996 $aScuole a fini speciali nell'ordinamento universitario e nel mondo del lavoro. Atti del Convegno di Studio - Bologna 9-10 aprile 1987$9444326 997 $aUNINA DB $aING01 LEADER 00924nam a2200253 i 4500 001 991000308649707536 005 20020506125039.0 008 950227s1988 it ||| | ita 020 $a8815019405 035 $ab10682429-39ule_inst 035 $aEXGIL143275$9ExL 040 $aDip.to Filol. Ling. e Lett.$bita 100 1 $aGuccini, Gerardo$0170868 245 13$aIl teatro italiano nel Settecento /$ca cura di Gerardo Guccini 260 $a[Bologna] :$bIl mulino,$c[c1988] 300 $a414 p. ;$c26 cm. 490 0 $aProblemi e prospettive. Serie di musica e spettacolo 650 4$aSettecento 907 $a.b10682429$b23-02-17$c28-06-02 912 $a991000308649707536 945 $aLE008 LLI VII M 21$g1$i2008000289867$lle008$o-$pE0.00$q-$rl$s- $t0$u2$v3$w2$x0$y.i10776102$z28-06-02 996 $aTeatro italiano nel Settecento$9910092 997 $aUNISALENTO 998 $ale008$b01-01-95$cm$da $e-$fita$git $h3$i1